000 00412nam a2200157Ia 4500
008 210210b1973 xxu||||| |||| 00| 0 eng d
020 _a684 13390 3
082 _a320.473 WASA
100 _aWASBY (Stephen L).
245 _aAmerican government and politics.
260 _a
_bNot Mentioned
_c1973
300 _axvii,676
650 _aAmerican Government Politics USA
690 _aGovernments
906 _a032285
999 _c83264
_d83264